| 000 -CABECERA |
| Longitud fija campo de control |
01048nam a2200265 a 4500 |
| 001 - NÚMERO DE CONTROL |
| Número de control |
4274 |
| 003 - IDENTIFICADOR DEL NÚMERO DE CONTROL |
| Identificador del número de control |
CDMR |
| 005 - FECHA Y HORA DE LA ÚLTIMA TRANSACCIÓN |
| Fecha y hora de la última transacción |
20151016125401.0 |
| 008 - CÓDIGOS DE INFORMACIÓN DE LONGITUD FIJA |
| Códigos de información de longitud fija |
130130s1994||||||||||||||||||||||||||||d |
| 020 ## - NÚMERO INTERNACIONAL NORMALIZADO PARA LIBROS |
| Número Internacional Normalizado para Libros (ISBN) |
8439331630 |
| 040 ## - FUENTE DE LA CATALOGACIÓN |
| Centro catalogador de origen |
CDMR |
| Lengua de catalogación |
cat |
| Centro transcriptor |
CPC GIRONA |
| 245 00 - MENCIÓN DE TÍTULO |
| Título |
Cultura y comunicación social |
| Resto del título |
: América Latina y Europa Ibérica |
| Mención de responsabilidad, etc. |
Fernando Ainsa ... [et al.] ; editor: Manuel Parès i Maicas |
| 260 ## - PUBLICACIÓN, DISTRIBUCIÓN, ETC. (PIE DE IMPRENTA) |
| Fecha de publicación, distribución, etc. |
1994 |
| Nombre del editor, distribuidor, etc. |
Generalitat de Catalunya |
| Lugar de publicación, distribución, etc. |
Barcelona |
| 300 ## - DESCRIPCIÓN FÍSICA |
| Extensión |
281 p. |
| 490 0# - MENCIÓN DE SERIE |
| Mención de serie |
Monografies i Documents |
| Designación de volumen o secuencia |
12 |
| 500 ## - NOTA GENERAL |
| Nota general |
Textos en castellà, portugués i català |
| 500 ## - NOTA GENERAL |
| Nota general |
Actes de la III Trobada Iberoamericana d'Investigadors de la comunicació, Universitat Autònoma de Barcelona, 27 de juny-3 de juliol, 1993 |
| 650 04 - PUNTO DE ACCESO ADICIONAL DE MATERIA - TÉRMINO DE MATERIA |
| 9 (RLIN) |
3211 |
| Término de materia o nombre geográfico como elemento inicial |
Comunicació i cultura |
| Subdivisión de materia general |
Congressos |
| 650 04 - PUNTO DE ACCESO ADICIONAL DE MATERIA - TÉRMINO DE MATERIA |
| 9 (RLIN) |
3478 |
| Término de materia o nombre geográfico como elemento inicial |
Cultura de massa |
| 700 1# - PUNTO DE ACCESO ADICIONAL - NOMBRE DE PERSONA |
| 9 (RLIN) |
3476 |
| Nombre de persona |
Ainsa, Fernando |
| 700 1# - PUNTO DE ACCESO ADICIONAL - NOMBRE DE PERSONA |
| 9 (RLIN) |
794 |
| Nombre de persona |
Parés i Maicas, Manuel |
| Término indicativo de función |
ed. |
| 710 2# - PUNTO DE ACCESO ADICIONAL - NOMBRE DE ENTIDAD |
| 9 (RLIN) |
304 |
| Nombre de entidad o nombre de jurisdicción como elemento inicial |
Centre d'Investigació de la Comunicació |
| 710 1# - PUNTO DE ACCESO ADICIONAL - NOMBRE DE ENTIDAD |
| 9 (RLIN) |
3477 |
| Nombre de entidad o nombre de jurisdicción como elemento inicial |
Universitat Autònoma de Barcelona |
| 942 ## - ENTRADA DE ELEMENTOS AGREGADOS (KOHA) |
| Koha [por defecto] tipo de item |
Monografies |
| Fuente de clasificaión o esquema |
|